000
00457nam a2200181Ia 4500
008
090124s9999 xx 000 0 und d
082
_b
13531
_a
3234
100
_a
मिरासदार द.मा.
245
_a
नेम
250
_a
1
260
_c
1963
300
_a
94
600
_a
मिरासदार द.मा.
630
_a
नेम
700
_a
मिरासदार द.मा.
730
_a
नेम
942
_c
BOOK
999
_c
127470
_d
127470